| 000 | 00481nam a2200181Ia 4500 | ||
|---|---|---|---|
| 001 | 8871 | ||
| 005 | 20260306160641.0 | ||
| 008 | 260306t2012||||xx |||||||||||||| ||spa|| | ||
| 041 | _aESP | ||
| 082 |
_a371.782 _bM12 |
||
| 100 |
_aMacintyre, Christine _eAUT |
||
| 245 | 0 |
_aEl acoso escolar: _bcómo comprender las cuestiones implicadas y afrontar el problema |
|
| 260 | _c2012 | ||
| 300 |
_a184 páginas : _c21 cm. |
||
| 650 | _aGEN | ||
| 654 | _aCED | ||
| 942 |
_cLIB _dJUS _fJUS _2ddc _n |
||
| 999 |
_c8871 _d8871 |
||